000
00346nam a22001217a 4500
040
_c
RUA
082
_a
CAR ឡោ 2022 A126 Or.
100
_a
ឡោ ប៊ុណ្ណា
245
_a
របាយការណប្រចាំឆ្នាំ២០២២
260
_a
PHNOM PENH
_b
RUA
_c
2022
300
_a
viii,
_b
ill,
_c
29cm,
942
_c
REC
999
_c
25349
_d
25349